<?xml version="1.0" encoding="UTF-8"?>
<record
    xmlns:xsi="http://www.w3.org/2001/XMLSchema-instance"
    xsi:schemaLocation="http://www.loc.gov/MARC21/slim http://www.loc.gov/standards/marcxml/schema/MARC21slim.xsd"
    xmlns="http://www.loc.gov/MARC21/slim">

  <leader>05044nam a2200613 i 4500</leader>
  <controlfield tag="003">CO-MdUADB</controlfield>
  <controlfield tag="005">20250410090459.0</controlfield>
  <controlfield tag="007">ta</controlfield>
  <controlfield tag="008">241003s2024    ck abd|gr||||a00| 0dspa d</controlfield>
  <datafield tag="020" ind1=" " ind2=" ">
    <subfield code="a">6287706376</subfield>
    <subfield code="q">ISBN-10</subfield>
  </datafield>
  <datafield tag="020" ind1=" " ind2=" ">
    <subfield code="a">9786287706378</subfield>
    <subfield code="q">ISBN-13</subfield>
  </datafield>
  <datafield tag="040" ind1=" " ind2=" ">
    <subfield code="a">CO-MdUADB</subfield>
    <subfield code="b">spa</subfield>
    <subfield code="c">CO-MdUADB</subfield>
    <subfield code="e">rda</subfield>
  </datafield>
  <datafield tag="041" ind1="0" ind2=" ">
    <subfield code="a">spa</subfield>
  </datafield>
  <datafield tag="082" ind1="0" ind2="4">
    <subfield code="a">372</subfield>
  </datafield>
  <datafield tag="245" ind1="1" ind2="0">
    <subfield code="a">Ruralidad, conflictos socioambientales y construcci&#xF3;n de paz en Colombia /</subfield>
    <subfield code="c">Andr&#xE9;s Garc&#xED;a S&#xE1;nchez, Luis Antonio Ram&#xED;rez Zuluaga (editores)</subfield>
  </datafield>
  <datafield tag="250" ind1=" " ind2=" ">
    <subfield code="a">1.&#xAA; edici&#xF3;n</subfield>
  </datafield>
  <datafield tag="264" ind1=" " ind2="1">
    <subfield code="a">Medell&#xED;n :</subfield>
    <subfield code="b">Fondo Editorial FSCH de la Facultad de Ciencias Sociales y Humanas,</subfield>
    <subfield code="c">2024.</subfield>
  </datafield>
  <datafield tag="300" ind1=" " ind2=" ">
    <subfield code="a">271 p&#xE1;ginas : </subfield>
    <subfield code="b">ilustraciones, mapas, gr&#xE1;ficas</subfield>
  </datafield>
  <datafield tag="336" ind1=" " ind2=" ">
    <subfield code="2">rdacontent</subfield>
    <subfield code="a">texto</subfield>
    <subfield code="b">txt</subfield>
  </datafield>
  <datafield tag="337" ind1=" " ind2=" ">
    <subfield code="a">no mediado</subfield>
  </datafield>
  <datafield tag="338" ind1=" " ind2=" ">
    <subfield code="a">volumen</subfield>
  </datafield>
  <datafield tag="490" ind1="1" ind2=" ">
    <subfield code="a">FCSH. Investigaci&#xF3;n</subfield>
  </datafield>
  <datafield tag="500" ind1=" " ind2=" ">
    <subfield code="a">Incluye &#xCD;ndice anal&#xED;tico.</subfield>
  </datafield>
  <datafield tag="504" ind1=" " ind2=" ">
    <subfield code="a">Incluye biograf&#xED;a al final de cada cap&#xED;tulo.</subfield>
  </datafield>
  <datafield tag="505" ind1="2" ind2="0">
    <subfield code="t">Introducci&#xF3;n. Reconfiguraciones espaciales de la ruralidad -- </subfield>
    <subfield code="t">PRIMERA PARTE: Conflictos socioambientalesy desarrollo -- </subfield>
    <subfield code="t">1. Conflictos socioambientales en territorios colectivos afrocolombianos en Buenaventura. El dilema entre la escasez y la abundancia -- </subfield>
    <subfield code="t">2. Pacificaci&#xF3;n, control territorial y desarrollo geogr&#xE1;fico desigual en el oriente antioque&#xF1;o (1997-2020) --</subfield>
    <subfield code="t">3. Ordenar la ruralidad no necesariamente incluye lo campesino, se requiere territorializar para conseguirlo -- </subfield>
    <subfield code="t">SEGUNDA PARTE: Ruralidad, conflicto armado y construcci&#xF3;n de paz -- </subfield>
    <subfield code="t">4. Marco metodol&#xF3;gico para el an&#xE1;lisis de la reconfiguraci&#xF3;n territorial en zonas rurales durante el posacuerdo -- </subfield>
    <subfield code="t">5. Conflictos socioterritoriales y construcci&#xF3;n de paz en el Bajo Atrato -- </subfield>
    <subfield code="t">TERCERA PARTE: Ruralidad y pandemia -- </subfield>
    <subfield code="t">6. Pandemia y acuerdo de paz. Ventanas para el debate sobre salud rural desde la perspectiva de la salud colectiva -- </subfield>
    <subfield code="t">7. La familia espiritual y la lucha en la pandemia: la vida en relaci&#xF3;n y el trabajo en red como estrategias para el permanecer de las comunidades negras en Urab&#xE1;-Dari&#xE9;n (Colombia) -- </subfield>
  </datafield>
  <datafield tag="520" ind1="3" ind2=" ">
    <subfield code="a">Este libro es una compilaci&#xF3;n de art&#xED;culos que abordan la ruralidad, los conflictos socioambientales y la construcci&#xF3;n de paz en Colombia, con un enfoque en la regi&#xF3;n de Antioquia. Los autores, investigadores y acad&#xE9;micos de diversas disciplinas, presentan sus an&#xE1;lisis y reflexiones sobre la complejidad de la ruralidad colombiana, caracterizada por la diversidad cultural, territorial y econ&#xF3;mica.
El libro se organiza en tres secciones. La primera secci&#xF3;n, "Conflictos socioambientales y desarrollo", explora las tensiones y din&#xE1;micas que surgen en la relaci&#xF3;n entre la conservaci&#xF3;n de los recursos naturales y el desarrollo econ&#xF3;mico en territorios colectivos afrocolombianos. La segunda secci&#xF3;n, "Ruralidad, conflicto armado y construcci&#xF3;n de paz", analiza la relaci&#xF3;n entre la pacificaci&#xF3;n, el control territorial y el desarrollo geogr&#xE1;fico desigual en el Oriente antioque&#xF1;o, as&#xED; como la reconfiguraci&#xF3;n territorial en zonas rurales durante el posacuerdo. La tercera secci&#xF3;n, "Ruralidad y pandemia", se centra en la afectaci&#xF3;n de la pandemia por Covid-19 en la ruralidad colombiana, particularmente en la regi&#xF3;n de Antioquia, y c&#xF3;mo las comunidades rurales han respondido a la crisis con alternativas y resistencias basadas en la medicina tradicional, los saberes populares y el trabajo solidario comunitario.</subfield>
  </datafield>
  <datafield tag="650" ind1=" " ind2="0">
    <subfield code="9">198808</subfield>
    <subfield code="a">Desarrollo rural - Aspectos sociales - Colombia</subfield>
  </datafield>
  <datafield tag="650" ind1=" " ind2="7">
    <subfield code="2">lemb</subfield>
    <subfield code="9">34396</subfield>
    <subfield code="a">Paz</subfield>
    <subfield code="z">Colombia</subfield>
  </datafield>
  <datafield tag="650" ind1=" " ind2="4">
    <subfield code="9">867888</subfield>
    <subfield code="a">Conflictos ambientales - Colombia</subfield>
  </datafield>
  <datafield tag="650" ind1=" " ind2="4">
    <subfield code="9">37013</subfield>
    <subfield code="a">Salud rural</subfield>
    <subfield code="z">Colombia</subfield>
  </datafield>
  <datafield tag="651" ind1=" " ind2="4">
    <subfield code="9">867364</subfield>
    <subfield code="a">Oriente antioque&#xF1;o (Regi&#xF3;n, Colombia)</subfield>
  </datafield>
  <datafield tag="651" ind1=" " ind2="0">
    <subfield code="9">867892</subfield>
    <subfield code="a">Buenaventura (Valle del Cauca, Colombia)</subfield>
  </datafield>
  <datafield tag="651" ind1=" " ind2="7">
    <subfield code="2">embne</subfield>
    <subfield code="9">866888</subfield>
    <subfield code="a">Urab&#xE1; (Colombia, Golfo)</subfield>
  </datafield>
  <datafield tag="700" ind1="1" ind2=" ">
    <subfield code="a">Garc&#xED;a S&#xE1;nchez, Andr&#xE9;s</subfield>
    <subfield code="9">400276</subfield>
    <subfield code="e">edt</subfield>
  </datafield>
  <datafield tag="700" ind1="1" ind2=" ">
    <subfield code="9">520599</subfield>
    <subfield code="a">Ram&#xED;rez Zuluaga, Luis Antonio</subfield>
    <subfield code="e">edt</subfield>
  </datafield>
  <datafield tag="700" ind1="1" ind2=" ">
    <subfield code="9">569450</subfield>
    <subfield code="a">Ramos Baron, Pablo Andres</subfield>
    <subfield code="e">aut</subfield>
  </datafield>
  <datafield tag="700" ind1="1" ind2=" ">
    <subfield code="9">867894</subfield>
    <subfield code="a">Giraldo Araque, Camila Andrea</subfield>
    <subfield code="e">aut</subfield>
  </datafield>
  <datafield tag="700" ind1="1" ind2=" ">
    <subfield code="9">461361</subfield>
    <subfield code="a">Pineda G&#xF3;mez, Hern&#xE1;n Dar&#xED;o</subfield>
    <subfield code="e">aut</subfield>
  </datafield>
  <datafield tag="700" ind1="1" ind2=" ">
    <subfield code="9">723863</subfield>
    <subfield code="a">Valderrama Arboleda, Mateo</subfield>
    <subfield code="e">aut</subfield>
  </datafield>
  <datafield tag="700" ind1="1" ind2=" ">
    <subfield code="9">486809</subfield>
    <subfield code="a">Lugo Agudelo, H&#xE9;ctor Manuel</subfield>
    <subfield code="e">aut</subfield>
  </datafield>
  <datafield tag="700" ind1="1" ind2=" ">
    <subfield code="9">867895</subfield>
    <subfield code="a">Correa Alzate, Susana</subfield>
    <subfield code="e">aut</subfield>
  </datafield>
  <datafield tag="700" ind1="1" ind2=" ">
    <subfield code="9">706598</subfield>
    <subfield code="a">Berm&#xFA;dez Berm&#xFA;dez, Marcela Mar&#xED;a</subfield>
    <subfield code="e">aut</subfield>
  </datafield>
  <datafield tag="700" ind1="1" ind2=" ">
    <subfield code="9">867896</subfield>
    <subfield code="a">Quintero Ram&#xED;rez, C&#xE9;sar</subfield>
    <subfield code="e">aut</subfield>
  </datafield>
  <datafield tag="700" ind1="1" ind2=" ">
    <subfield code="9">443888</subfield>
    <subfield code="a">G&#xF3;mez Vargas, Alix Bibiana</subfield>
    <subfield code="e">aut</subfield>
  </datafield>
  <datafield tag="700" ind1="1" ind2=" ">
    <subfield code="9">793702</subfield>
    <subfield code="a">Cardona Alzate, Lina Mar&#xED;a</subfield>
    <subfield code="e">aut</subfield>
  </datafield>
  <datafield tag="700" ind1="1" ind2=" ">
    <subfield code="9">652266</subfield>
    <subfield code="a">Alvarez Giraldo, Ever Estyl</subfield>
    <subfield code="e">aut</subfield>
  </datafield>
  <datafield tag="700" ind1="1" ind2=" ">
    <subfield code="9">770960</subfield>
    <subfield code="a">Arias L&#xF3;pez, Beatriz Elena</subfield>
    <subfield code="e">aut</subfield>
  </datafield>
  <datafield tag="700" ind1="1" ind2=" ">
    <subfield code="9">610383</subfield>
    <subfield code="a">Hern&#xE1;ndez Ciro, Eulalia</subfield>
    <subfield code="e">aut</subfield>
  </datafield>
  <datafield tag="700" ind1="1" ind2=" ">
    <subfield code="9">538024</subfield>
    <subfield code="a">Guti&#xE9;rrez Loaiza, Edwin Alderid</subfield>
    <subfield code="e">aut</subfield>
  </datafield>
  <datafield tag="700" ind1="1" ind2=" ">
    <subfield code="9">345367</subfield>
    <subfield code="a">Montoya Arango, Vladimir</subfield>
    <subfield code="e">aut</subfield>
  </datafield>
  <datafield tag="700" ind1="1" ind2=" ">
    <subfield code="9">717757</subfield>
    <subfield code="a">Mart&#xED;nez Mart&#xED;nez, Berto Esilio</subfield>
    <subfield code="e">aut</subfield>
  </datafield>
  <datafield tag="830" ind1=" " ind2="0">
    <subfield code="9">853563</subfield>
    <subfield code="a">FCSH Investigaci&#xF3;n (Universidad de Antioquia. Fondo Editorial de la Facultad de Ciencias Sociales y Humanas)</subfield>
  </datafield>
  <datafield tag="942" ind1=" " ind2=" ">
    <subfield code="2">FAC</subfield>
    <subfield code="c">BOOK</subfield>
  </datafield>
  <datafield tag="999" ind1=" " ind2=" ">
    <subfield code="c">860513</subfield>
    <subfield code="d">860513</subfield>
  </datafield>
  <datafield tag="952" ind1=" " ind2=" ">
    <subfield code="0">0</subfield>
    <subfield code="1">0</subfield>
    <subfield code="2">FAC</subfield>
    <subfield code="4">0</subfield>
    <subfield code="7">0</subfield>
    <subfield code="8">GENERAL</subfield>
    <subfield code="a">INER</subfield>
    <subfield code="b">INER</subfield>
    <subfield code="d">2024-10-01</subfield>
    <subfield code="e">Material adquirido por donaci&#xF3;n</subfield>
    <subfield code="f">DONA</subfield>
    <subfield code="l">3</subfield>
    <subfield code="m">1</subfield>
    <subfield code="o">M/I 5376</subfield>
    <subfield code="p">0645212</subfield>
    <subfield code="r">2026-03-19 13:17:02</subfield>
    <subfield code="s">2026-02-05</subfield>
    <subfield code="t">1</subfield>
    <subfield code="w">2024-10-03</subfield>
    <subfield code="y">BOOK</subfield>
  </datafield>
  <datafield tag="952" ind1=" " ind2=" ">
    <subfield code="0">0</subfield>
    <subfield code="1">0</subfield>
    <subfield code="2">ddc</subfield>
    <subfield code="4">0</subfield>
    <subfield code="7">0</subfield>
    <subfield code="8">GEN</subfield>
    <subfield code="a">BC</subfield>
    <subfield code="b">BC</subfield>
    <subfield code="d">2025-04-10</subfield>
    <subfield code="e">Material adquirido por donaci&#xF3;n</subfield>
    <subfield code="f">DONA</subfield>
    <subfield code="g">80000.00</subfield>
    <subfield code="l">1</subfield>
    <subfield code="o">307.72 R948</subfield>
    <subfield code="p">01099888</subfield>
    <subfield code="r">2026-03-12 13:43:45</subfield>
    <subfield code="s">2026-02-20</subfield>
    <subfield code="w">2025-04-10</subfield>
    <subfield code="y">BOOK</subfield>
  </datafield>
  <datafield tag="952" ind1=" " ind2=" ">
    <subfield code="0">0</subfield>
    <subfield code="1">0</subfield>
    <subfield code="2">ddc</subfield>
    <subfield code="4">0</subfield>
    <subfield code="7">0</subfield>
    <subfield code="8">GEN</subfield>
    <subfield code="a">BC</subfield>
    <subfield code="b">BC</subfield>
    <subfield code="d">2025-05-27</subfield>
    <subfield code="e">Material adquirido por donaci&#xF3;n</subfield>
    <subfield code="f">DONA</subfield>
    <subfield code="g">80000.00</subfield>
    <subfield code="l">1</subfield>
    <subfield code="m">2</subfield>
    <subfield code="o">307.72 R948 e2</subfield>
    <subfield code="p">01125160</subfield>
    <subfield code="r">2026-03-05 14:50:58</subfield>
    <subfield code="s">2025-12-09</subfield>
    <subfield code="w">2025-06-06</subfield>
    <subfield code="y">BOOK</subfield>
  </datafield>
  <datafield tag="952" ind1=" " ind2=" ">
    <subfield code="0">0</subfield>
    <subfield code="1">0</subfield>
    <subfield code="2">ddc</subfield>
    <subfield code="4">0</subfield>
    <subfield code="7">0</subfield>
    <subfield code="8">GENERAL</subfield>
    <subfield code="a">BYARU</subfield>
    <subfield code="b">BYARU</subfield>
    <subfield code="d">2025-05-27</subfield>
    <subfield code="e">Material adquirido por donaci&#xF3;n</subfield>
    <subfield code="f">DONA</subfield>
    <subfield code="g">80000.00</subfield>
    <subfield code="l">0</subfield>
    <subfield code="o">307.72 R948</subfield>
    <subfield code="p">01125125</subfield>
    <subfield code="r">2026-04-16 10:59:25</subfield>
    <subfield code="w">2025-06-06</subfield>
    <subfield code="y">BOOK</subfield>
  </datafield>
  <datafield tag="952" ind1=" " ind2=" ">
    <subfield code="0">0</subfield>
    <subfield code="1">0</subfield>
    <subfield code="2">ddc</subfield>
    <subfield code="4">0</subfield>
    <subfield code="7">0</subfield>
    <subfield code="8">GENERAL</subfield>
    <subfield code="a">PTOBE</subfield>
    <subfield code="b">PTOBE</subfield>
    <subfield code="d">2025-05-27</subfield>
    <subfield code="e">Material adquirido por donaci&#xF3;n</subfield>
    <subfield code="f">DONA</subfield>
    <subfield code="g">80000.00</subfield>
    <subfield code="l">0</subfield>
    <subfield code="o">307.72 R948</subfield>
    <subfield code="p">01125175</subfield>
    <subfield code="r">2025-10-28 17:39:11</subfield>
    <subfield code="w">2025-06-06</subfield>
    <subfield code="y">BOOK</subfield>
  </datafield>
  <datafield tag="952" ind1=" " ind2=" ">
    <subfield code="0">0</subfield>
    <subfield code="1">0</subfield>
    <subfield code="2">ddc</subfield>
    <subfield code="4">0</subfield>
    <subfield code="7">0</subfield>
    <subfield code="8">GENERAL</subfield>
    <subfield code="a">BOCCI</subfield>
    <subfield code="b">BOCCI</subfield>
    <subfield code="d">2025-05-27</subfield>
    <subfield code="e">Material adquirido por donaci&#xF3;n</subfield>
    <subfield code="f">DONA</subfield>
    <subfield code="g">80000.00</subfield>
    <subfield code="l">0</subfield>
    <subfield code="o">307.72 R948</subfield>
    <subfield code="p">01125127</subfield>
    <subfield code="r">2025-06-20 14:34:00</subfield>
    <subfield code="w">2025-06-06</subfield>
    <subfield code="y">BOOK</subfield>
  </datafield>
</record>
